| 000 | 00386nam a2200109Ia 4500 | ||
|---|---|---|---|
| 008 | 171204s9999 xx 000 0 und d | ||
| 245 | _aPopper's Approach to Education: A Cornerstone of Teaching and Learning | ||
| 245 | _cStephanie Chitpin | ||
| 260 | _c2016 | ||
| 650 | _xField Study 2: Experiencing the Teaching/Learning Process | ||
| 856 | _uhttp://down.ebook777.com/033/1138940771.pdf | ||
| 999 |
_c345797 _d345797 |
||